Fifa 20 Top 25 Sweden Players - Statistics

General Stats
  • This quiz has been taken 35 times
  • The average score is 10 of 25
Answer Stats
Rating Team Player % Correct
85 AC Milan Zlatan Ibrahimovic
100%
81 Manchester United Victor Lindelof
92%
82 RB Leipzig Emil Forsberg
88%
77 Real Sociedad Alexander Isak
64%
75 Feyenoord Sam Larsson
60%
74 AIK Sebastian Larsson
60%
78 Helsingborgs IF Andreas Granqvist
48%
76 Werder Bremen Ludwig Augustinsson
48%
78 Cagliari Robin Olsen
48%
76 Sampdoria Albin Ekdal
44%
74 Newcastle United Emil Krafth
44%
76 Deportivo Alaves John Guidetti
40%
75 Galatasaray Jimmy Durmaz
36%
76 Borussia Monchengladbach Oscar Wendt
36%
76 Brentford Pontus Jansson
36%
75 FSV Mainz 05 Robin Quaison
36%
76 Melbourne Victory Ola Toivonen
32%
74 Rangers Filip Helander
28%
74 Seattle Sounders Gustav Svensson
24%
77 PAOK Pontus Wernbloom
16%
73 Aalborg BK Jacob Rinne
8%
73 Copenhagen Karl-Johan Johnsson
8%
74 AEK Athens Niklas Hult
8%
73 Sparta Prague David Moberg-Karlsson
4%
73 AIK Per Karlsson
4%
No matching quizzes found
Score Distribution
Percent of People with Each Score
Percentile by Number Answered
Your Score History
You have not taken this quiz